[Event "Bay Area op"]
[Site "Burlingame"]
[Date "2019.01.01"]
[Round "1"]
[White "Polgar, Tom"]
[Black "Wang, Justin"]
[Result "0-1"]
[WhiteElo "2181"]
[BlackElo "2419"]
[PlyCount "70"]
[EventDate "2019.01.01"]
[EventType "swiss"]
[EventRounds "9"]
[EventCountry "USA"]
[SourceTitle "CBM 188 Extra"]
[Source "ChessBase"]
[SourceDate "2019.02.26"]
[SourceVersion "1"]
[SourceVersionDate "2019.02.26"]
[SourceQuality "1"]

1. e4 e5 2. Nf3 Nc6 3. Nc3 Nf6 4. d4 exd4 5. Nxd4 Bb4 6. Nxc6 bxc6 7. Bd3 d5 8. exd5 cxd5 9. 0-0 0-0 10. h3 h6 11. Qf3 Re8 12. Bf4 c6 13. a3 Bd6 14. b4 a5 15. b5 Bb7 16. bxc6 Bxc6 17. Ne2 Bc5 18. Ng3 Ne4 19. Bxe4 dxe4 20. Qh5 Bf8 21. Be3 Qf6 22. c4 Red8 23. Qg4 Qe5 24. Bxh6 Bd7 25. Qf4 Bd6 26. Qg5 Kh7 27. Qxg7+ Qxg7 28. Bxg7 Kxg7 29. Nxe4 Be5 30. Rae1 Be6 31. f4 Bd4+ 32. Kh2 Rab8 33. Rf3 Re8 34. Rg3+ Kf8 35. Rd3 Rbd8 0-1

[Event "Saint Louis SPICE Cup op 12th"]
[Site "Saint Louis"]
[Date "2018.10.27"]
[Round "7"]
[White "Polgar, Tom"]
[Black "Moon, Benjamin"]
[Result "1-0"]
[WhiteElo "2130"]
[BlackElo "2304"]
[PlyCount "141"]
[EventDate "2018.10.23"]
[EventType "swiss"]
[EventRounds "9"]
[EventCountry "USA"]
[SourceTitle "CBM 187 Extra"]
[Source "ChessBase"]
[SourceDate "2018.11.04"]
[SourceVersion "1"]
[SourceVersionDate "2018.11.04"]
[SourceQuality "1"]

1. e4 d5 2. exd5 Qxd5 3. Nc3 Qd6 4. d4 Nf6 5. Nf3 c6 6. Bc4 Bf5 7. 0-0 e6 8. a4 Nbd7 9. h3 h6 10. Re1 Qc7 11. Bd3 Bxd3 12. Qxd3 Bd6 13. Be3 0-0 14. Rad1 Qa5 15. Bd2 Bb4 16. b3 Rfd8 17. Na2 Bxd2 18. Qxd2 Qb6 19. Nc3 Rac8 20. Qe2 Qb4 21. Na2 Qb6 22. Nc3 Qb4 23. Na2 Qa3 24. Nc3 Nd5 25. Nb1 Qb4 26. c4 N5f6 27. Qe3 b5 28. axb5 cxb5 29. Nbd2 a5 30. Rb1 Rb8 31. Rec1 Qd6 32. Ra1 Qa6 33. Ra2 Ra8 34. Rca1 Qb6 35. Nb1 b4 36. Nbd2 Nb8 37. Ne4 Nxe4 38. Qxe4 Nc6 39. Rd1 Ra7 40. Rad2 Ne7 41. Ne5 a4 42. bxa4 Rxa4 43. d5 exd5 44. cxd5 Raa8 45. d6 Ng6 46. Nxf7 Kxf7 47. Qd5+ Kf6 48. Rd3 Ra3 49. Re1 Nf4 50. Qe5+ Kg6 51. Qe4+ Kg5 52. Qe5+ Kg6 53. Qe4+ Kg5 54. h4+ Kg4 55. Qf3+ Kf5 56. Qe4+ Kg4 57. Qf3+ Kf5 58. Rd5+ Kg6 59. Qe4+ Kf7 60. Qxf4+ Kg8 61. d7 Raa8 62. Rd6 Qc5 63. Qd4 Qxd4 64. Rxd4 Rab8 65. Rxb4 Rxb4 66. Re8+ Kf7 67. Rxd8 Rd4 68. h5 Rd5 69. g3 Ke7 70. Rg8 Kxd7 71. Rxg7+ 1-0

[Event "Saint Louis SPICE Cup op 12th"]
[Site "Saint Louis"]
[Date "2018.10.24"]
[Round "3"]
[White "Kiewra, Keaton F"]
[Black "Polgar, Tom"]
[Result "1-0"]
[WhiteElo "2375"]
[BlackElo "2130"]
[PlyCount "121"]
[EventDate "2018.10.23"]
[EventType "swiss"]
[EventRounds "9"]
[EventCountry "USA"]
[SourceTitle "CBM 187 Extra"]
[Source "ChessBase"]
[SourceDate "2018.11.04"]
[SourceVersion "1"]
[SourceVersionDate "2018.11.04"]
[SourceQuality "1"]

1. Nf3 Nf6 2. c4 g6 3. Nc3 Bg7 4. e4 d6 5. d4 0-0 6. Be2 e5 7. dxe5 dxe5 8. Qxd8 Rxd8 9. Bg5 Re8 10. Nd5 Nxd5 11. cxd5 c6 12. Bc4 cxd5 13. Bxd5 Nd7 14. Nd2 Nc5 15. 0-0-0 Be6 16. Bxe6 Nxe6 17. Be3 Rec8+ 18. Kb1 Rc7 19. Rc1 Rd7 20. Nb3 b6 21. Rhd1 Rad8 22. Rxd7 Rxd7 23. Rc8+ Bf8 24. Kc2 f5 25. a4 Kf7 26. f3 Bb4 27. Rc4 Be1 28. exf5 gxf5 29. f4 exf4 30. Bxf4 Bf2 31. Bd2 Rd5 32. Rc3 Nd4+ 33. Nxd4 Bxd4 34. Rc7+ Kg6 35. Rc6+ Kf7 36. Rc7+ Kg6 37. b4 b5 38. a5 Bg1 39. Bc3 f4 40. Bd2 Be3 41. Bxe3 fxe3 42. Re7 Rd2+ 43. Kc3 Rxg2 44. Rxe3 Kf6 45. Rh3 Kg6 46. Rd3 Rxh2 47. Rd7 h5 48. Rxa7 h4 49. Ra6+ Kg7 50. Re6 Rg2 51. Re4 h3 52. Rh4 h2 53. Kd4 Kf7 54. Kc5 Rg5+ 55. Kb6 Rg4 56. Rh7+ Ke6 57. Kxb5 Rg2 58. a6 Kd5 59. a7 Ra2 60. Kb6 Ra4 61. b5 1-0

[Event "Pardubice Czech op-A 29th"]
[Site "Pardubice"]
[Date "2018.07.26"]
[Round "7"]
[White "Koykka, Pekka"]
[Black "Polgar, Tom"]
[Result "1-0"]
[WhiteElo "2382"]
[BlackElo "2076"]
[PlyCount "79"]
[EventDate "2018.07.20"]
[EventType "swiss"]
[EventRounds "9"]
[EventCountry "CZE"]
[SourceTitle "CBM 185 Extra"]
[Source "ChessBase"]
[SourceDate "2018.07.29"]
[SourceVersion "1"]
[SourceVersionDate "2018.07.29"]
[SourceQuality "1"]

1. d4 Nf6 2. c4 e6 3. g3 c5 4. d5 exd5 5. cxd5 d6 6. Nc3 g6 7. Bg2 Bg7 8. Nf3 0-0 9. 0-0 Re8 10. Bf4 Ne4 11. Nxe4 Rxe4 12. Nd2 Rxf4 13. gxf4 Bxb2 14. Rb1 Bg7 15. Re1 Nd7 16. e4 Nf6 17. Qf3 Nh5 18. e5 Bh6 19. Nc4 Bxf4 20. Nxd6 Rb8 21. Re4 Qh4 22. Nxc8 Qxh2+ 23. Kf1 Rxc8 24. Qh3 Qxh3 25. Bxh3 Rd8 26. Bg4 Bh6 27. Bxh5 gxh5 28. Rxb7 Rxd5 29. Rxa7 c4 30. e6 fxe6 31. Rxc4 Rf5 32. a4 Bf8 33. Rc8 h4 34. a5 h3 35. Raa8 h2 36. Rxf8+ Kg7 37. Kg2 Rh5 38. Kh1 e5 39. Rg8+ Kf7 40. Rg2 1-0

[Event "Pardubice Czech op-A 29th"]
[Site "Pardubice"]
[Date "2018.07.25"]
[Round "6"]
[White "Polgar, Tom"]
[Black "Serrano Salvador, Eduardo"]
[Result "1-0"]
[WhiteElo "2076"]
[BlackElo "2280"]
[PlyCount "59"]
[EventDate "2018.07.20"]
[EventType "swiss"]
[EventRounds "9"]
[EventCountry "CZE"]
[SourceTitle "CBM 185 Extra"]
[Source "ChessBase"]
[SourceDate "2018.07.29"]
[SourceVersion "1"]
[SourceVersionDate "2018.07.29"]
[SourceQuality "1"]

1. e4 e5 2. Nf3 Nf6 3. Nc3 Nc6 4. h3 Bb4 5. Bd3 d6 6. 0-0 a6 7. Re1 0-0 8. Nd5 Nxd5 9. exd5 Ne7 10. a3 Ba5 11. b4 Bb6 12. c4 Ng6 13. Bxg6 fxg6 14. d4 exd4 15. Nxd4 Rxf2 16. Be3 Rf8 17. Qc2 Qh4 18. c5 dxc5 19. bxc5 Ba7 20. Rf1 Rxf1+ 21. Rxf1 Qe7 22. Qb3 Kh8 23. d6 cxd6 24. Rf7 Qe8 25. cxd6 Bd7 26. Re7 Qf8 27. Rxd7 Re8 28. Qf7 Qxf7 29. Rxf7 Kg8 30. Rxb7 1-0